Géographie - Les affluents de la Garonne en France - Statistiques

Statistiques générales
  • Ce quiz a été pris 47 fois
  • Le résultat moyen est 6 sur 69
Statistiques - réponses
Rive Initiale Réponse % Correct
Droite T Tarn
98%
Droite L Lot
90%
Droite G Ger
68%
Gauche G Gers
63%
Droite A Ariège
61%
Gauche B Baise
39%
Droite D Dropt
22%
Gauche S Save
22%
Gauche N Neste
17%
Gauche G Gimone
15%
Gauche A Arrats
12%
Droite S Salat
12%
Gauche T Touch
12%
Droite HM Hers Mort
10%
Droite A Arize
7%
Gauche A Auvignon
7%
Gauche C Ciron
7%
Gauche L Louge
7%
Gauche O Ourse
7%
Gauche P Pique
7%
Gauche A Avance
5%
Droite B Barguelonne
5%
Gauche L Lavet
5%
Droite S Séoune
5%
Droite T Trec
5%
Droite A Aunat
2%
Gauche A Auroue
2%
Gauche D Devèze
2%
Gauche EB Eau Blanche
2%
Gauche EB Eau Bourde
2%
Gauche E Estressol
2%
Droite G Gupie
2%
Gauche JdB Jalle de Blanquefort
2%
Gauche L Lisos
2%
Gauche N Noue
2%
Gauche O Ourbise
2%
Gauche P Peugue
2%
Gauche RdSP Ruisseau de Saint-Pierre
2%
Gauche S Sère
2%
Droite T Tolzac
2%
Droite V Volp
2%
Gauche A Aussonnettre
0%
Gauche A Aygossau
0%
Gauche A Ayroux
0%
Gauche B Barboue
0%
Gauche B Bassanne
0%
Gauche B Bernès
0%
Gauche B Beuve
0%
Droite E Euille
0%
Gauche GM Gat Mort
0%
Gauche G Gouhouron
0%
Droite GE Grand Estey
0%
Droite G Gua
0%
Gauche L Lambon
0%
Droite L Livenne
0%
Droite M Maltemps
0%
Droite MdA Masse d'Agen
0%
Droite MdP Masse de Prayssas
0%
Droite M Mondot
0%
Droite P Pimpine
0%
Droite RdB Ruisseau de Boubon
0%
Droite RdG Ruisseau de Génisson
0%
Gauche RdlS Ruisseau de la Saudrune
0%
Droite RdM Ruisseau de Maudan
0%
Gauche RdN Ruisseau de Nadesse
0%
Droite RdP Ruisseau de Pantagnac
0%
Droite RdR Ruisseau de Rafié
0%
Gauche RdT Ruisseau de Tessonne
0%
Gauche S Saucats
0%
Aucun quiz correspondant
Distribution des résultats
% des personnes avec chaque résultat
Percentile par nombre de réponses
Votre historique - résultats
Vous n’avez pas pris ce quiz